000 00500nam a22001817a 4500
003 NUST - PNEC
005 20170116181201.0
008 160213b xxu||||| |||| 00| 0 eng d
020 _a-
040 _cLIBRARY
082 _a891.439 HAS
100 _916393
_aHashim Nadeem
245 _aKhuda aur mohabbat : har mohabbat karny waly ke naam
_cHashim Nadeem
260 _aLahore:
_bDowa Publications;
_c2011
300 _a280 pages
650 _916394
_aUrdu Literature
_xGeneral
942 _2ddc
_cBK
999 _c71452
_d71452